Science Quiz

Random Science Quiz
Score 0/8 Timer 10:00
0 Plays Today
% Correct
vertebral
94.2%
basilar
93%
anterior cerebral
91.9%
posterior communicating
90.7%
anterior communicating
90.7%
middle cerebral
88.4%
posterior cerebral
88.4%
internal carotid
86%
Remove Ads.
Support Sporcle.
Get the best of Sporcle when you Go Orange. This ad-free experience offers more features, more stats, and more fun while also helping to support Sporcle. Thank you for becoming a member.

You're not logged in!

Compare scores with friends on all Sporcle quizzes.
OR
Log In

You Might Also Like...

Show Comments

Extras

Created Sep 13, 2017ReportNominate
Tags:Artery

Top Quizzes Today


Score Distribution

Your Account Isn't Verified!

In order to create a playlist on Sporcle, you need to verify the email address you used during registration. Go to your Sporcle Settings to finish the process.

Report this User

Report this user for behavior that violates our Community Guidelines.

Details: